[Event "Steinfurt Bezirksklasse 0506"]
[Site "Germany"]
[Date "2006.02.18"]
[Round "6.1"]
[White "Scheffer, Arne"]
[Black "Boeckmann, Dirk"]
[Result "1/2-1/2"]
[WhiteElo "1348"]
[BlackElo "1530"]
[PlyCount "43"]
[EventDate "2005.09.10"]
[EventType "team-tourn"]
[EventRounds "7"]
[EventCountry "GER"]
[SourceTitle "EXT 2006"]
[Source "ChessBase"]
[SourceDate "2005.11.24"]
[SourceVersion "1"]
[SourceVersionDate "2005.11.24"]
[SourceQuality "1"]
[WhiteTeam "Rheine SG II"]
[BlackTeam "Reckenfeld II"]
[WhiteTeamCountry "GER"]
[BlackTeamCountry "GER"]

1. d4 b6 2. f4 Bb7 3. Nf3 e6 4. e3 Nf6 5. Bd3 c5 6. c3 Be7 7. 0-0 Ba6 8. Bxa6 Nxa6 9. Nbd2 Nc7 10. Qe2 d5 11. Ne5 Bd6 12. Kh1 Nd7 13. Qg4 0-0 14. b3 f5 15. Qe2 Nf6 16. Bb2 Ne4 17. Nxe4 fxe4 18. c4 Qe7 19. cxd5 exd5 20. Rac1 Ne6 21. g3 Rac8 22. Ng4 1/2-1/2

[Event "Steinfurt Bezirksklasse 0304"]
[Site "Germany"]
[Date "2004.05.15"]
[Round "10.1"]
[White "Koelking, Helmut"]
[Black "Scheffer, Arne"]
[Result "1/2-1/2"]
[WhiteElo "1398"]
[BlackElo "1348"]
[PlyCount "30"]
[EventDate "2003.09.27"]
[EventType "team-tourn"]
[EventRounds "11"]
[EventCountry "GER"]
[SourceTitle "EXT 2005"]
[Source "ChessBase"]
[SourceDate "2004.11.15"]
[SourceVersion "1"]
[SourceVersionDate "2004.11.15"]
[SourceQuality "1"]
[WhiteTeam "Steinfurt III"]
[BlackTeam "Rheine SG II"]
[WhiteTeamCountry "GER"]
[BlackTeamCountry "GER"]

1. d4 Nf6 2. c4 e6 3. Nc3 Bb4 4. Bd2 d5 5. a3 Bxc3 6. Bxc3 b6 7. e3 Nbd7 8. cxd5 Nxd5 9. Rc1 c5 10. Nf3 Bb7 11. Bb5 Nxc3 12. Rxc3 0-0 13. 0-0 Bxf3 14. Qxf3 cxd4 15. exd4 Nf6 1/2-1/2

[Event "Steinfurt Bezirksklasse 0304"]
[Site "Germany"]
[Date "2004.01.10"]
[Round "5.1"]
[White "Langer, Ralf"]
[Black "Scheffer, Arne"]
[Result "1-0"]
[WhiteElo "1697"]
[BlackElo "1348"]
[PlyCount "161"]
[EventDate "2003.09.27"]
[EventType "team-tourn"]
[EventRounds "11"]
[EventCountry "GER"]
[SourceTitle "EXT 2005"]
[Source "ChessBase"]
[SourceDate "2004.11.15"]
[SourceVersion "1"]
[SourceVersionDate "2004.11.15"]
[SourceQuality "1"]
[WhiteTeam "Westerkappeln II"]
[BlackTeam "Rheine SG II"]
[WhiteTeamCountry "GER"]
[BlackTeamCountry "GER"]

1. c4 Nf6 2. Nc3 e6 3. d4 Bb4 4. a3 Bxc3+ 5. bxc3 c6 6. Nf3 d5 7. e3 Nbd7 8. Bd3 Qc7 9. 0-0 0-0 10. Qc2 e5 11. Nxe5 Nxe5 12. dxe5 Qxe5 13. cxd5 Qxd5 14. Bb2 Qh5 15. Be2 Bf5 16. Qd1 Qg6 17. f3 Rfd8 18. Qe1 Bd3 19. e4 c5 20. c4 Bxe2 21. Qxe2 Ne8 22. Rad1 f6 23. Rd5 Nc7 24. Rxc5 Ne6 25. Rd5 b6 26. Rfd1 Rxd5 27. cxd5 Nc5 28. Bd4 Nd7 29. Rc1 Qe8 30. Qc4 Ne5 31. Qc7 Qd7 32. Bxe5 Qxc7 33. Bxc7 Kf7 34. Bf4 g5 35. Bg3 h5 36. Bf2 Ke7 37. g3 Kd7 38. f4 Re8 39. Re1 Re7 40. e5 fxe5 41. fxe5 g4 42. d6 Re6 43. Bd4 Rg6 44. Rf1 Ke6 45. Rf6+ Rxf6 46. exf6 Kxd6 47. Kf2 Ke6 48. Ke3 b5 49. Kf4 a5 50. Kg5 b4 51. axb4 axb4 52. Kg6 b3 53. Kg7 Kd5 54. Ba1 Ke4 55. f7 Kf3 56. f8Q+ Kg2 57. Qa3 h4 58. Qxb3 h3 59. Qc2+ Kh1 60. Kg6 Kg1 61. Kg5 Kh1 62. Kxg4 Kg1 63. Kxh3 Kf1 64. g4 Ke1 65. g5 Kf1 66. g6 Ke1 67. g7 Kf1 68. g8N Ke1 69. Kg3 Kf1 70. h4 Ke1 71. h5 Kf1 72. h6 Ke1 73. h7 Kf1 74. h8N Ke1 75. Ng6 Kf1 76. Nf6 Ke1 77. Nf4 Kf1 78. Ng4 Kg1 79. Nh3+ Kf1 80. Ne3+ Ke1 81. Bc3# 1-0

[Event "Steinfurt Kreisklasse 0203"]
[Site "Germany"]
[Date "2002.11.16"]
[Round "3.3"]
[White "Sterthaus, Udo"]
[Black "Scheffer, Arne"]
[Result "1/2-1/2"]
[WhiteElo "1299"]
[BlackElo "1343"]
[PlyCount "67"]
[EventDate "2002.09.21"]
[EventType "team-tourn"]
[EventRounds "10"]
[EventCountry "GER"]
[SourceTitle "EXT 2005"]
[Source "ChessBase"]
[SourceDate "2004.11.15"]
[SourceVersion "1"]
[SourceVersionDate "2004.11.15"]
[SourceQuality "1"]
[WhiteTeam "Emsdetten Rochade IV"]
[BlackTeam "Rheine SG II"]
[WhiteTeamCountry "GER"]
[BlackTeamCountry "GER"]

1. e4 c6 2. d4 d5 3. exd5 cxd5 4. Nf3 Bf5 5. Bb5+ Bd7 6. Bxd7+ Nxd7 7. Bf4 e6 8. Nbd2 Ngf6 9. 0-0 Be7 10. Re1 0-0 11. c3 a6 12. a4 Re8 13. Qb3 Qb6 14. h3 Rec8 15. a5 Qxb3 16. Nxb3 Ne8 17. Reb1 Bd6 18. Bxd6 Nxd6 19. Nfd2 Rc7 20. f4 Kf8 21. Nc1 Rac8 22. Nd3 f5 23. Re1 Ne4 24. Nxe4 fxe4 25. Ne5 Nxe5 26. fxe5 Rf7 27. Rf1 Rxf1+ 28. Rxf1+ Ke7 29. Kf2 Rf8+ 30. Ke2 Rxf1 31. Kxf1 Kd7 32. b3 Kc6 33. c4 dxc4 34. bxc4 1/2-1/2